000 00547nam a22001577a 4500
999 _c61279
_d61279
005 20240125104227.0
008 240125s2015 enk||||| |||| 00| 0 geo d
041 _aeng
080 _a82 K-44
100 _aKilic, Fatih
_921120
245 _aComputer Mediated Assesment of Speaking test :
_bA New Perspective /
_cFatih Kilic; Thesis Supervisor Natia Katamadze.
264 _aBatumi,
_c2015.
300 _a84 p.:
_bill.
_c30 cm.
700 _aKatamadze, Natia
_eმეცნიერ ხელმძღვანელი
_913281
942 _2udc
_cDS